Les transferts de joueurs les plus élevé de l'histoire #1 - Statistiques

Statistiques générales
  • Ce quiz a été pris 89 fois
  • Le résultat moyen est 9 sur 10
Statistiques - réponses
Rang Année du transfert Montant De A Joueurs % Correct
#2 2018 180 millions AS Monaco Paris Saint-Germain Kylian Mbappe
100%
#1 2017 222 millions FC Barcelone Paris Saint-Germain Neymar
100%
#3 2017 135 millions Borussia Dortmund FC Barcelone Ousmane Dembélé
88%
#8 2019 120 millions Atlético de Madrid FC Barcelone Antoine Griezmann
84%
#7 2019 120,8 millions Chelsea FC Real Madrid Eden Hazard
84%
#5 2023 128 millions Borussia Dortmund Real Madrid Jude Bellingham
82%
#3 2018 135 millions Liverpool FC FC Barcelone Philippe Coutinho
82%
#10 2021 117 millions Aston Villa Manchester City Jack Grealish
80%
#8 2019 120 millions Benfica Lisbonne Atlético de Madrid Joao Felix
78%
#6 2023 121 millions Benfica Lisbonne Chelsea FC Enzo Fernandez
76%
Aucun quiz correspondant
Distribution des résultats
% des personnes avec chaque résultat
Percentile par nombre de réponses
Votre historique - résultats
Vous n’avez pas pris ce quiz